000 00453nam a2200181Ia 4500
008 230524s9999 xx 000 0 und d
020 _a9780070600939
082 _a650
_bGRA
100 _aClifford F.Gray
245 0 _a"Project Management: The Managerial Process, "
250 _a3RD
260 _aNEW DELHI
_bTMH
_c2009
300 _aXVII;551
500 _aQuantity Number: 6
650 _aManagement
700 _a Erik W.Larson
942 _cBK
999 _c45450
_d45450